| 000 | 00728nam a2200205Ii 4500 | ||
|---|---|---|---|
| 003 | JO-AjNU | ||
| 008 | 230605s9999||||xx |||||||||||||| ||und|| | ||
| 017 | _a2007/1/226 | ||
| 040 |
_aJO-AjNU _bara _erda _cJO-AjNU |
||
| 041 | _aara | ||
| 050 | 1 | 4 | _aDS154.6 A2875 2010 |
| 100 | 3 |
_aاعداد وتحرير أبو شيخه، عيسى موسى, _eauthor _960270 |
|
| 245 | 0 | 0 | _aعبدالله الثاني الملك المعزز |
| 264 | 3 | 1 | _aعمان: دار المناهج، 2010 |
| 300 | _a298ص | ||
| 336 |
_atext _btxt _2rdacontent |
||
| 337 |
_aunmediated _bn _2rdamedia |
||
| 338 |
_avolume _bnc _2rdacarrier |
||
| 650 | 4 |
_aتاريخ -الأردن- عهد الملك عبدالله الثاني بن الحسين _960271 |
|
| 999 |
_aA27168 _c30736 _d30736 |
||